|
|
|
|
| LEADER |
00000nab a2200000 a 4500 |
| 001 |
vtls000015253 |
| 003 |
SK-MaSNL |
| 005 |
20260303021036.0 |
| 008 |
111103c1978 xo 0 slo |
| 015 |
|
|
|a SNBRB19rr/mm-uuuuu
|
| 035 |
|
|
|a CL0025347
|
| 040 |
|
|
|a SNKBUCL
|b slo
|c SNKBUCL
|e AACR2
|
| 041 |
0 |
|
|a slo
|
| 044 |
|
|
|a xo
|c SK
|
| 080 |
|
|
|a 792
|2 1981
|
| 080 |
|
|
|a 929 Bär, Rainer
|2 1981
|
| 100 |
1 |
|
|a Suchá, Táňa
|4 aut
|9 377536
|
| 245 |
1 |
0 |
|a Dve Prahy v rukách
|b Návšteva z Nemeckej demokratickej republiky. Hovoríme s filmovým režisérom a scénaristom Rainerom Bärom
|c Táňa Suchá, Rainer Bär
|
| 600 |
1 |
7 |
|a Bär, Rainer
|2 snkbucl
|9 1001612
|
| 655 |
|
7 |
|a články z novín a časopisov
|2 snkbucl
|9 267496
|
| 700 |
1 |
|
|a Bär, Rainer
|4 aut
|9 1001612
|
| 773 |
0 |
|
|t Televízia
|g Roč. 12, č. 46 (1978), s. 16-17
|
| 850 |
|
|
|a Slovenská národná knižnica v Martine
|a MTA001
|
| 852 |
|
|
|a SNK
|b KIS3GCP
|
| 958 |
|
|
|a RK
|
| 992 |
|
|
|a RBX
|
| 999 |
|
|
|c 1621113
|d 1623043
|